000 00825cai a22002055a 4500
001 L156062
008 120427u2012 xxk g 000 0 eng d
035 _a(Sirsi) u156062
041 0 _aeng
110 2 _aEuropean Commission
_92292
245 0 0 _aEuropean Commission Energy Efficiency
_h[electronic resource]
260 _aBrussels
_bEU
_c2012
520 _aInformation about energy efficiency with the EU aiming for a 20% cut in Europe's annual primary energy consumption by 2020. Includes details of the Energy Efficiency Directive and energy efficiency in buildings.
590 _aKA
651 4 _aEurope
690 _aEnergy
_96237
690 _aEnvironment
_96238
856 4 0 _uhttps://ec.europa.eu/energy/efficiency/buildings/buildings_en.htm
_zView the website free of charge at http://ec.europa.eu
942 _n0
999 _c120973
_d120973